| 000 | 00691nam a22002057a 4500 | ||
|---|---|---|---|
| 999 |
_c190284 _d190284 |
||
| 005 | 20220810160137.0 | ||
| 010 | _aENG-134392 | ||
| 020 |
_a978380831220 _c118.00 |
||
| 035 | _aEN-117334 | ||
| 037 | _bDBAD/PUB | ||
| 082 | _a658.3124 | ||
| 100 | _aS Sujana | ||
| 245 |
_aTraining and Development/ _cby S Sujan; A Santoshi Roopa; ed by Lakshmi Rawat |
||
| 260 |
_aHyderadad _b( student helpline pvt. LTD. under publication section) _c2010 |
||
| 270 |
_aS.R. Nagar , hyderbad - 500038. A.P., INDIA _bHyderadad _e500038 _minfo@studenthelpline.in |
||
| 300 |
_avp. _c22cm(hb) |
||
| 700 | _aRoopa, Santoshi A | ||
| 700 | _aRawat , Laxmi | ||
| 942 |
_2ddc _cEN _h658.3124 _mSAN |
||